Dates Aléatoires - Statistiques

Statistiques générales
  • Ce quiz a été pris 63 fois
  • Le résultat moyen est 14 sur 84
Statistiques - réponses
Hint Réponse % Correct
Loi de séparation des Églises et de l’État 1905
84%
Droit de vote des femmes en France 1944
84%
Victoire du « non » au référendum sur le Traité Constitutionnel Européen en France et aux Pays-Bas 2005
40%
L’Europe des 28 2013
38%
Traité de Versailles 1919
36%
*Le traité de Maastricht instituant l’Union Européenne 1992
36%
La mise en place de l’Euro. 2002
36%
Prise de la Bastille 14 juillet 1789
29%
Révolutions en Russie 1917
29%
Victoire de Jules César à Alésia, conquête romaine de la Gaule. - 52
29%
Capitulation de l’Allemagne nazie 8 mai 1945
29%
Les traités de Rome et l’Europe des 6 / Création de la CEE. 1957
27%
Le roi franc Charles, de la dynastie carolingienne, est couronné empereur à Rome, sous le nom de Charles (Carolus Magnus en latin, Charlemagne en Français). 800
27%
Édit de Nantes et paix de Vervins 1598
24%
La Restauration. 1814 / 1830
24%
Première Guerre mondiale 1914-1918
24%
Suffrage « universel » masculin et *abolition de l’esclavage. 1848
22%
Bataille de Verdun 1916
22%
Hitler nommé chancelier en Allemagne 1933
20%
Serment du Jeu de Paume 20 juin 1789
20%
Baptême de Clovis, roi des Francs de la dynastie des Mérovingiens 496
20%
Débarquement allié en Normandie. 6 juin 1944
20%
Armistice et victoire de la France et de ses alliés. 11 novembre 1918
18%
Début de la IIIe République 1870
18%
Appel du général de Gaulle depuis Londres 18 juin 1940
18%
L’Europe des 27 (mise en œuvre du Brexit). 2021
18%
Déclaration des droits de l’Homme et du citoyen 26 août 1789
18%
Abolition des privilèges 4 août 1789
18%
Partage de l’Empire carolingien au Traité de Verdun et création de la Francie Occidentale (future France) 843
18%
Installation du gouvernement du royaume dans le château de Versailles toujours en construction. 1682
16%
Deuxième République. 1848-1852
16%
Affaire Dreyfus 1894-1906
16%
Exécution de Louis XVI. 21 janvier 1793
16%
Octave devient « Auguste » : la République romaine devient l’Empire romain - 27
16%
Canonisation du défunt roi (Louis IX) 1297
13%
Échec de François Ier à l’élection impériale, face à Charles de Habsbourg (Charles Quint) 1519
13%
Traité des Pyrénées. 1659
13%
Début du règne personnel de Louis XIV (après la mort du cardinal de Mazarin). 1661
13%
Révocation de l’édit de Nantes. 1685
13%
Pétain Président du Conseil. 17 juin 1940
13%
Les lois scolaires de Jules Ferry 1881-1882
13%
La France signe un armistice avec l’Allemagne. 22 juin 1940
13%
Création de l’ONU 24 octobre 1945
13%
Sacre de Napoléon Ier 2 décembre 1804
13%
Bombardements atomiques sur le Japon. 6-9 août 1945
13%
L’Assemblée nationale confie les pleins pouvoirs à Pétain. 10 juillet 1940
11%
Invasion des Pays-Bas, de la Belgique, du Luxembourg et de la France 10 mai 1940
11%
Grande ordonnance pour la réforme du royaume (la monnaie royale doit circuler dans le royaume ; interdiction du blasphème, du jeu, de la prostitution, interdiction des tournois et du duel judiciaire). 1254
11%
Fête de la Fédération (le 14) 14 Juillet 1790
11%
Le 14 juillet devient la Fête nationale. 14 juillet 1880
11%
*Rafle du Vel’ d’Hiv 16-17 juillet 1942
11%
Sacre du roi dans la cathédrale de Reims 1654
11%
Les États généraux, ouvertes depuis le 5 mai, se constituent en Assemblée nationale 17 juin 1789
11%
Défaite de Waterloo, suivie de l’exil de Napoléon à Sainte-Hélène 18 juin 1815
11%
Invasion de la Pologne par l’armée allemande 1er septembre 1939
11%
Conférence de Wannsee : la « solution finale ». 20 janvier 1942
11%
Libération de Paris. 25 août 1944
11%
Tombe à char celte de Vix (avec un vase grec en bronze). - 500
11%
Fin de la guerre contre les Albigeois (régence de Blanche de Castille). 1229
9%
Traité de Paris entre Louis IX et le roi d’Angleterre Henri III : Henri III reçoit les terri￾toires de l’ancien héritage d’Aliénor d’Aquitaine dans le Sud-Ouest de la France 1259
9%
Ordonnance de Villers-Cotterêts 1539
9%
Concordat. 15 juillet 1801
9%
Assassinat du roi à Paris (14 mai) 1610
9%
Second Empire 1852-1870
9%
Génocide du peuple arménien dans l’Empire ottoman. 1915-1917
9%
Bataille de Stalingrad (juillet 1942-février 1943). 1942-1943
9%
Édit de Caracalla accordant la citoyenneté à tous ses sujets 212
9%
Code Civil 21 mars 1804
9%
Le Royaume-Uni et la France déclarent la guerre au IIIe Reich 3 septembre 1939
9%
Le dernier empereur romain est déposé par les Goths. 476
9%
Entrée en guerre des États-Unis 8 décembre 1941
9%
Louis IX est fait présionné au cours de la 7e croisade ; libéré contre une rançon en argent 1248
7%
Sacre du roi à Chartres (27 février). 1594
7%
Ouverture des procès de Nuremberg. 20 novembre 1945
7%
Jean Moulin fonde le Conseil national de la Résistance 27 mai 1943
7%
Invention de l’écriture - 3500
7%
Colonie grecque à Massalia (Marseille) - 600
7%
Affaires des Placards (affichage de thèses protestantes sur la porte du domicile du roi). 1534
4%
Conversion du roi Henri IV (roi de droit depuis 1589 en application de la loi salique) au catholicisme. 1593
4%
La proposition Schumann et le traité de Paris / Création de la CECA (Communauté Européenne du Charbon et de l’Acier). 1950-1951
4%
Coup d’État du 18-Brumaire an VIII ; Bonaparte est nommé consul provisoire 9-10 novembre 1799
4%
Essor de l’industrialisation en France Après 1830
4%
proclamation de la République. Septembre 1792
4%
Captivité du roi, libéré d’après les clauses du traité de Madrid. Plus largement, connaître les *« guerres d’Italie » 1525-1526
2%
Aucun quiz correspondant
Distribution des résultats
% des personnes avec chaque résultat
Percentile par nombre de réponses
Votre historique - résultats
Vous n’avez pas pris ce quiz